Metal bands starting with the letter A - Statistics

General Stats
  • This quiz has been taken 72 times
    68 since last reset
  • The average score is 5 of 50
Answer Stats
Hint Answer % Correct
Australia - 1973 AC/DC
85%
USA - 1981 Anthrax
56%
USA - 1999 Avenged Sevenfold
40%
Sweden - 1992 Amon Amarth
38%
Germany - 1968 Accept
35%
Sweden - 1995 Arch Enemy
35%
USA - 1987 Alice In Chains
33%
USA - 2000 As I Lay Dying
27%
USA - 1964 Alice Cooper
23%
Canada - 1984 Annihilator
23%
UK - 2004 Architects
23%
USA - 1991 Acid Bath
13%
USA - 2003 A Day to Remember
12%
Sweden - 2008 Amaranthe
10%
UK - 1977 Angel Witch
10%
USA - 1995 Agalloch
8%
Germany - 2004 Ahab
6%
USA - 2004 Alter Bridge
6%
Finland - 1990 Amorphis
6%
Denmark - 1982 Artillery
6%
USA - 1998 Atreyu
6%
USA - 1987 Autopsy
6%
USA - 1987 Autopsy
6%
USA - 1984 Agent Steel
4%
UK - 1998 Anaal Nathrakh
4%
Poland - 1986 Acid Drinkers
2%
USA - 2004 After the Burial
2%
Serbia - 1995 Amon Din
2%
USA - 1995 Angelcorpse
2%
Netherlands - 1987 Asphyx
2%
USA - 1988 Acheron
0%
USA - 2008 Aegaeon
0%
Sweden - 1999 Aeon
0%
Canada - 2007 Aeternam
0%
Germany - 2013 Aeverium
0%
USA - 2016 A Killer's Confession
0%
Sweden - 1993 Anata
0%
Canada - 2010 Anciients
0%
Spain - 2000 Angelus Apatrida
0%
USA - 2003 Angel Vivaldi
0%
Uk - 2006 Annotations of an Autopsy
0%
France - 1991 Anorexia Nervosa
0%
USA - 2005 Another Perfect Storm
0%
Norway - 1990 Antestor
0%
Denmark - 2003 Anubis Gate
0%
Germany - 2012 Any Given Day
0%
Sweden - 2000 Apostasy
0%
Norway - 1991 Arcturus
0%
USA - 2000 Arsis
0%
USA - 2003 As Blood Runs Back
0%
No matching quizzes found
Score Distribution
Percent of People with Each Score
Percentile by Number Answered
Your Score History
You have not taken this quiz since the last reset